[Event "71. Campeonato de Bulgaria"]
[Site "Pernik BUL"]
[Date "2007.03.15"]
[Round "8.5"]
[White "Nikolov, Momchil"]
[Black "Chatalbashev, Boris"]
[Result "1/2-1/2"]
[WhiteElo "2425"]
[BlackElo "2541"]
[PlyCount "20"]
[EventDate "2007.03.10"]
[EventType "tourn"]
[EventRounds "13"]
[EventCountry "BUL"]
[EventCategory "6"]
[Source "lmi"]
[SourceDate "2007.03.10"]

1. c4 c5 2. g3 g6 3. Bg2 Bg7 4. Nc3 Nc6 5. e3 Nh6 6. Nge2 Nf5 7. O-O O-O 8. a3
a5 9. b3 d6 10. Bb2 Bd7 1/2-1/2

[Event "71. Campeonato de Bulgaria"]
[Site "Pernik BUL"]
[Date "2007.03.15"]
[Round "8.6"]
[White "Tsvetkov, Ilia"]
[Black "Serafimov, Tervel"]
[Result "1/2-1/2"]
[WhiteElo "2324"]
[BlackElo "2396"]
[PlyCount "94"]
[EventDate "2007.03.10"]
[EventType "tourn"]
[EventRounds "13"]
[EventCountry "BUL"]
[EventCategory "6"]
[Source "lmi"]
[SourceDate "2007.03.10"]

1. d4 g6 2. e4 Bg7 3. Nf3 d6 4. c4 c6 5. Nc3 a6 6. Be2 Nf6 7. O-O O-O 8. h3
Nfd7 9. Bg5 c5 10. d5 Ne5 11. Nxe5 Bxe5 12. Qd2 Nd7 13. Rae1 Re8 14. Be3 Qa5
15. f4 Bg7 16. a3 Rb8 17. Rb1 b5 18. cxb5 axb5 19. b4 Qxa3 20. Nxb5 Qa4 21.
bxc5 Nxc5 22. Bxc5 dxc5 23. e5 Bf5 24. Bd3 Bxd3 25. Qxd3 c4 26. Qa3 Qc2 27. Qe3
Red8 28. Rfc1 Qd3 29. Qxd3 cxd3 30. d6 Bf8 31. Kf2 exd6 32. exd6 Bxd6 33. Nxd6
Rxb1 34. Rxb1 Rxd6 35. Rd1 g5 36. fxg5 Rd5 37. h4 Rd4 38. g3 Kg7 39. Ke3 Rg4
40. Rg1 f6 41. gxf6+ Kxf6 42. Kxd3 Kg6 43. Ke3 Ra4 44. Rd1 h6 45. Rd6+ Kh5 46.
Kf3 Ra3+ 47. Kg2 Rxg3+ 1/2-1/2

[Event "71. Campeonato de Bulgaria"]
[Site "Pernik BUL"]
[Date "2007.03.15"]
[Round "8.7"]
[White "Pantev, Veselin"]
[Black "Rusev, Krasimir"]
[Result "1/2-1/2"]
[WhiteElo "2325"]
[BlackElo "2453"]
[PlyCount "101"]
[EventDate "2007.03.10"]
[EventType "tourn"]
[EventRounds "13"]
[EventCountry "BUL"]
[EventCategory "6"]
[Source "lmi"]
[SourceDate "2007.03.10"]

1. e4 c5 2. Nf3 d6 3. Bc4 Nf6 4. d3 Nc6 5. c3 a6 6. Bb3 Bg4 7. Nbd2 e6 8. h3
Bh5 9. Nf1 d5 10. Ng3 Bg6 11. Qe2 Be7 12. Bc2 O-O 13. e5 Nd7 14. h4 h6 15. h5
Bh7 16. d4 Bxc2 17. Qxc2 cxd4 18. cxd4 Qa5+ 19. Bd2 Qb5 20. Qb3 Qxb3 21. axb3
a5 22. Bc3 b5 23. Ke2 Nb6 24. Kd3 a4 25. bxa4 bxa4 26. Nd2 Rfb8 27. Rhc1 Bg5
28. Ngf1 Na5 29. Bxa5 Rxa5 30. Ne3 Rb5 31. Rc2 f6 32. exf6 gxf6 33. Ke2 Rb4 34.
g3 e5 35. dxe5 fxe5 36. Rc6 Rxb2 37. f4 exf4 38. gxf4 Bxf4 39. Rg1+ Kh7 40. Rf1
Rxd2+ 41. Kxd2 Nc4+ 42. Rxc4 Bxe3+ 43. Kxe3 dxc4 44. Rf7+ Kg8 45. Ra7 Rc8 46.
Rxa4 Kf7 47. Kd2 Kf6 48. Kc3 Kg5 49. Rxc4 Rxc4+ 50. Kxc4 Kxh5 51. Kd3 1/2-1/2

[Event "71. Campeonato de Bulgaria"]
[Site "Pernik BUL"]
[Date "2007.03.16"]
[Round "9.1"]
[White "Rusev, Krasimir"]
[Black "Drenchev, Petar"]
[Result "1/2-1/2"]
[WhiteElo "2453"]
[BlackElo "2430"]
[PlyCount "22"]
[EventDate "2007.03.10"]
[EventType "tourn"]
[EventRounds "13"]
[EventCountry "BUL"]
[EventCategory "6"]
[Source "lmi"]
[SourceDate "2007.03.10"]

1. c4 c6 2. Nf3 d5 3. e3 Nf6 4. Nc3 e6 5. b3 Nbd7 6. Bb2 Bd6 7. Be2 O-O 8. O-O
Qe7 9. d4 dxc4 10. Bxc4 e5 11. dxe5 Nxe5 1/2-1/2

[Event "71. Campeonato de Bulgaria"]
[Site "Pernik BUL"]
[Date "2007.03.16"]
[Round "9.2"]
[White "Serafimov, Tervel"]
[Black "Pantev, Veselin"]
[Result "0-1"]
[WhiteElo "2396"]
[BlackElo "2325"]
[PlyCount "118"]
[EventDate "2007.03.10"]
[EventType "tourn"]
[EventRounds "13"]
[EventCountry "BUL"]
[EventCategory "6"]
[Source "lmi"]
[SourceDate "2007.03.10"]

1. e4 c5 2. Nc3 Nc6 3. g3 d6 4. Bg2 e6 5. f4 Nf6 6. Nf3 Be7 7. d3 Nd4 8. O-O
O-O 9. h3 d5 10. e5 Nd7 11. Ne2 Nxf3+ 12. Bxf3 f6 13. exf6 Nxf6 14. c3 Bd7 15.
Be3 Bc6 16. g4 Bd6 17. Qd2 Ne8 18. Bg2 Rc8 19. f5 exf5 20. Rxf5 Rxf5 21. gxf5
Nf6 22. d4 Qe7 23. dxc5 Bxc5 24. Bxc5 Qxc5+ 25. Nd4 Ne4 26. Qf4 Qd6 27. Qg4 Nf6
28. Qh4 Re8 29. Re1 Rxe1+ 30. Qxe1 Bd7 31. Qe3 b6 32. Kf2 Kf8 33. Qg3 Qxg3+ 34.
Kxg3 Ke7 35. Kf4 Kd6 36. Bf3 h6 37. Nc2 Ne8 38. Bh5 Nf6 39. Bf7 Ne4 40. h4 Nc5
41. Ne1 Bb5 42. f6 gxf6 43. Kf5 Na4 44. Kg6 Nxb2 45. Kxh6 Nd1 46. Ng2 Nxc3 47.
Kg7 Be2 48. Kxf6 d4 49. Nf4 d3 50. Bb3 a5 51. a4 Ne4+ 52. Kg6 Ng3 53. Nd5 Kc5
54. Kg5 Kd4 55. Kf4 Nh5+ 56. Kg5 d2 57. Nxb6 Kc3 58. Nc4 Bxc4 59. Bd1 Bf7 0-1

[Event "71. Campeonato de Bulgaria"]
[Site "Pernik BUL"]
[Date "2007.03.16"]
[Round "9.3"]
[White "Chatalbashev, Boris"]
[Black "Tsvetkov, Ilia"]
[Result "1-0"]
[WhiteElo "2541"]
[BlackElo "2324"]
[PlyCount "135"]
[EventDate "2007.03.10"]
[EventType "tourn"]
[EventRounds "13"]
[EventCountry "BUL"]
[EventCategory "6"]
[Source "lmi"]
[SourceDate "2007.03.10"]

1. Nf3 d5 2. c4 c6 3. e3 Nf6 4. d4 Bg4 5. Nc3 e6 6. h3 Bh5 7. Qb3 Qb6 8. Ne5
Nfd7 9. Nd3 Na6 10. c5 Qxb3 11. axb3 Nc7 12. b4 a6 13. h4 f6 14. f3 e5 15. Kf2
Bf7 16. g3 Rd8 17. Bd2 g6 18. dxe5 Nxe5 19. Nxe5 fxe5 20. e4 d4 21. Ne2 h6 22.
Nc1 Bg7 23. Nd3 O-O 24. Rc1 Be6 25. f4 Bg4 26. Be2 Bxe2 27. Kxe2 Rde8 28. Kf3
Ne6 29. Kg2 h5 30. fxe5 Rf7 31. Rhf1 Nf8 32. Bf4 Kh7 33. Bg5 Rxf1 34. Rxf1 Kg8
35. Bf6 Nd7 36. Bxg7 Kxg7 37. Rd1 Nf8 38. Nf4 Rd8 39. Kf3 Kf7 40. Ke2 Ne6 41.
Kd3 Rg8 42. Rf1 Ke7 43. Nxe6 Kxe6 44. Kxd4 Rd8+ 45. Ke3 Kxe5 46. Rf7 Rb8 47.
Rc7 b6 48. Rxc6 bxc5 49. Rxc5+ Kf6 50. Rc6+ Kf7 51. Rc4 Ke6 52. Kf4 Rf8+ 53.
Kg5 Ke5 54. Kxg6 Rg8+ 55. Kxh5 Rxg3 56. Kh6 Rg2 57. h5 Rxb2 58. Kg6 Rg2+ 59.
Kf7 Rh2 60. Rc6 Kxe4 61. h6 Kd5 62. Rxa6 Kc4 63. Kg7 Kxb4 64. Rg6 Rd2 65. h7
Rd7+ 66. Kh6 Rd8 67. Rg8 Rd6+ 68. Kh5 1-0

[Event "71. Campeonato de Bulgaria"]
[Site "Pernik BUL"]
[Date "2007.03.16"]
[Round "9.5"]
[White "Dimitrov, Vladimir"]
[Black "Genov, Petar"]
[Result "1/2-1/2"]
[WhiteElo "2462"]
[BlackElo "2489"]
[PlyCount "25"]
[EventDate "2007.03.10"]
[EventType "tourn"]
[EventRounds "13"]
[EventCountry "BUL"]
[EventCategory "6"]
[Source "lmi"]
[SourceDate "2007.03.10"]

1. e4 e5 2. Nf3 Nc6 3. Bb5 a6 4. Ba4 Nf6 5. O-O b5 6. Bb3 Be7 7. Re1 d6 8. c3
O-O 9. h3 Bb7 10. d4 Re8 11. Ng5 Rf8 12. Nf3 Re8 13. Ng5 1/2-1/2

[Event "71. Campeonato de Bulgaria"]
[Site "Pernik BUL"]
[Date "2007.03.16"]
[Round "9.6"]
[White "Bojchev, Marian"]
[Black "Nikolov, Sasho"]
[Result "1-0"]
[WhiteElo "2366"]
[BlackElo "2380"]
[PlyCount "91"]
[EventDate "2007.03.10"]
[EventType "tourn"]
[EventRounds "13"]
[EventCountry "BUL"]
[EventCategory "6"]
[Source "lmi"]
[SourceDate "2007.03.10"]

1. d4 d6 2. c4 g6 3. e4 Bg7 4. Nc3 Nc6 5. Be3 e5 6. d5 Nd4 7. Nge2 Nxe2 8. Bxe2
Bh6 9. Bxh6 Nxh6 10. h4 O-O 11. Qd2 Kg7 12. O-O-O Bd7 13. Rdf1 Qe7 14. g3 f5
15. h5 g5 16. exf5 Bxf5 17. Qe3 Qf6 18. f3 Nf7 19. g4 Bd7 20. h6+ Nxh6 21. Bd3
Qf4 22. Qxf4 Rxf4 23. Rxh6 Kxh6 24. Rh1+ Kg7 25. Rxh7+ Kg8 26. Rxd7 Rf7 27.
Rxf7 Kxf7 28. Nb5 a6 29. Nxc7 Rh8 30. Kc2 Kf6 31. Ne6 a5 32. Be4 b6 33. Kb3 Rh2
34. Nc7 Rh8 35. a3 Rh2 36. Ne6 a4+ 37. Kc3 Rh8 38. Kb4 Rh2 39. Kxa4 Rxb2 40.
Nf8 Kg7 41. Nh7 Kh6 42. Nf6 Ra2 43. Ne8 b5+ 44. Kb3 Rxa3+ 45. Kxa3 b4+ 46. Ka4
1-0

[Event "71. Campeonato de Bulgaria"]
[Site "Pernik BUL"]
[Date "2007.03.17"]
[Round "10.1"]
[White "Drenchev, Petar"]
[Black "Yordanov, Nikolay"]
[Result "1-0"]
[WhiteElo "2430"]
[BlackElo "2237"]
[PlyCount "49"]
[EventDate "2007.03.10"]
[EventType "tourn"]
[EventRounds "13"]
[EventCountry "BUL"]
[EventCategory "6"]
[Source "lmi"]
[SourceDate "2007.03.10"]

1. c4 b6 2. Nf3 Bb7 3. g3 e5 4. Bg2 e4 5. Nd4 Qf6 6. Nc2 h5 7. Nc3 Bc5 8. d4
exd3 9. Bxb7 Bxf2+ 10. Kd2 Nc6 11. exd3 h4 12. Ne4 Qf5 13. Qe2 Kf8 14. Qxf2
Qa5+ 15. b4 Nxb4 16. Ba3 c5 17. Bxb4 cxb4 18. Bxa8 b3+ 19. Nc3 b2 20. Rae1 Nf6
21. Qf4 Kg8 22. Re5 d5 23. Rxd5 Nxd5 24. Bxd5 hxg3 25. Qxf7+ 1-0

[Event "71. Campeonato de Bulgaria"]
[Site "Pernik BUL"]
[Date "2007.03.17"]
[Round "10.2"]
[White "Nikolov, Sasho"]
[Black "Milchev, Nikolay"]
[Result "1-0"]
[WhiteElo "2380"]
[BlackElo "2348"]
[PlyCount "85"]
[EventDate "2007.03.10"]
[EventType "tourn"]
[EventRounds "13"]
[EventCountry "BUL"]
[EventCategory "6"]
[Source "lmi"]
[SourceDate "2007.03.10"]

1. d4 Nf6 2. Nf3 g6 3. c4 Bg7 4. Nc3 O-O 5. e4 d6 6. Be2 e5 7. O-O exd4 8. Nxd4
Re8 9. f3 Nc6 10. Be3 Nh5 11. Qd2 f5 12. Nxc6 bxc6 13. Rad1 Be6 14. exf5 gxf5
15. c5 d5 16. Bd4 Qe7 17. Rfe1 Rab8 18. Bf1 Bxd4+ 19. Qxd4 Qg7 20. b3 Bd7 21.
Ne2 Rb5 22. Qf2 Rb4 23. Nc1 a5 24. Rxe8+ Bxe8 25. Nd3 Rd4 26. Qe1 Kf8 27. Qxa5
Nf4 28. Nxf4 Rxf4 29. Rd3 Rh4 30. Qe1 Qh6 31. Qe5 f4 32. Rd4 Bf7 33. h3 Be6 34.
Qxc7 Qf6 35. Rb4 Bf7 36. Qd6+ Qxd6 37. cxd6 Ke8 38. Rb8+ Kd7 39. Rb7+ Ke8 40.
a4 Rh6 41. d7+ Kd8 42. a5 c5 43. Bb5 1-0

[Event "71. Campeonato de Bulgaria"]
[Site "Pernik BUL"]
[Date "2007.03.17"]
[Round "10.3"]
[White "Genov, Petar"]
[Black "Bojchev, Marian"]
[Result "1/2-1/2"]
[WhiteElo "2489"]
[BlackElo "2366"]
[PlyCount "68"]
[EventDate "2007.03.10"]
[EventType "tourn"]
[EventRounds "13"]
[EventCountry "BUL"]
[EventCategory "6"]
[Source "lmi"]
[SourceDate "2007.03.10"]

1. d4 Nf6 2. c4 e6 3. Nf3 b6 4. a3 Bb7 5. Nc3 d5 6. Qc2 dxc4 7. e4 b5 8. e5
Nfd7 9. Nxb5 a6 10. Nc3 c5 11. dxc5 Bxf3 12. gxf3 Nxe5 13. Bxc4 Nxc4 14. Qa4+
Nd7 15. Qxc4 Bxc5 16. Rg1 Rc8 17. Qxa6 O-O 18. Bh6 Bxf2+ 19. Ke2 Bxg1 20. Rxg1
g6 21. Bxf8 Nxf8 22. Rd1 Qc7 23. Qd6 Qc4+ 24. Kf2 f5 25. Kg2 Rc6 26. Qd4 Qa6
27. Rd2 Kf7 28. Qd8 Qb7 29. Ne2 Rc4 30. h3 Kg7 31. Qd6 g5 32. Nd4 Qf7 33. Re2
Qf6 34. Nxe6+ Nxe6 1/2-1/2

[Event "71. Campeonato de Bulgaria"]
[Site "Pernik BUL"]
[Date "2007.03.17"]
[Round "10.5"]
[White "Tsvetkov, Ilia"]
[Black "Kozhuharov, Spas"]
[Result "1/2-1/2"]
[WhiteElo "2324"]
[BlackElo "2426"]
[PlyCount "143"]
[EventDate "2007.03.10"]
[EventType "tourn"]
[EventRounds "13"]
[EventCountry "BUL"]
[EventCategory "6"]
[Source "lmi"]
[SourceDate "2007.03.10"]

1. c4 Nf6 2. Nc3 e5 3. Nf3 Nc6 4. e4 Bb4 5. d3 Bxc3+ 6. bxc3 O-O 7. Be2 d6 8.
O-O Ne7 9. Nh4 Ng6 10. Nxg6 hxg6 11. f4 c6 12. Kh1 Re8 13. Qb3 Nd7 14. Be3 Qe7
15. Rae1 a6 16. a4 Nc5 17. Qa3 exf4 18. Bxf4 a5 19. Kg1 Be6 20. Be3 f6 21. Bf2
g5 22. Rd1 Nd7 23. Rfe1 Ne5 24. c5 dxc5 25. Bxc5 Qf7 26. Bd4 Qc7 27. Bf2 Rad8
28. Qb2 Qf7 29. Bb6 Rd7 30. Rd2 g4 31. Bd4 Qh5 32. Bd1 Qh4 33. g3 Qg5 34. Bxe5
Qxe5 35. d4 Qd6 36. Rde2 Rde7 37. Bb3 Bxb3 38. Qxb3+ Kh8 39. Qb6 f5 40. Qxa5
fxe4 41. Qh5+ Kg8 42. Qxg4 e3 43. Qg5 Qa3 44. Qa5 b5 45. d5 Qxa4 46. Qxa4 bxa4
47. dxc6 Kf7 48. Ra1 Re4 49. Ra3 Ke6 50. c4 Ra8 51. c5 Ra7 52. Rd3 Ke5 53. Kg2
a3 54. Rdxe3 Rxe3 55. Rxe3+ Kf5 56. Re1 Rc7 57. Ra1 Rxc6 58. Rxa3 Rxc5 59. Kf3
g5 60. h3 g4+ 61. hxg4+ Kg5 62. Ra4 Rc3+ 63. Kg2 Rc8 64. Re4 Rc7 65. Kf3 Rc3+
66. Kf2 Ra3 67. Rf4 Rb3 68. Kg2 Rb8 69. Ra4 Rc8 70. Re4 Ra8 71. Kf3 Ra3+ 72.
Re3 1/2-1/2

[Event "71. Campeonato de Bulgaria"]
[Site "Pernik BUL"]
[Date "2007.03.17"]
[Round "10.6"]
[White "Pantev, Veselin"]
[Black "Chatalbashev, Boris"]
[Result "1/2-1/2"]
[WhiteElo "2325"]
[BlackElo "2541"]
[PlyCount "44"]
[EventDate "2007.03.10"]
[EventType "tourn"]
[EventRounds "13"]
[EventCountry "BUL"]
[EventCategory "6"]
[Source "lmi"]
[SourceDate "2007.03.10"]

1. d4 c5 2. d5 g6 3. c4 Bg7 4. e4 d6 5. Bd3 e6 6. Nf3 Nf6 7. Nc3 O-O 8. O-O Na6
9. h3 Nc7 10. a4 Na6 11. Ra3 Nb4 12. Bb1 e5 13. Nh2 b6 14. g4 a6 15. Kh1 Bd7
16. Rg1 b5 17. b3 Ne8 18. Qf3 Kh8 19. Ne2 Rb8 20. Bd2 bxc4 21. bxc4 Rb7 22. Qg3
Qb8 1/2-1/2

[Event "71. Campeonato de Bulgaria"]
[Site "Pernik BUL"]
[Date "2007.03.17"]
[Round "10.7"]
[White "Rusev, Krasimir"]
[Black "Serafimov, Tervel"]
[Result "1-0"]
[WhiteElo "2453"]
[BlackElo "2396"]
[PlyCount "109"]
[EventDate "2007.03.10"]
[EventType "tourn"]
[EventRounds "13"]
[EventCountry "BUL"]
[EventCategory "6"]
[Source "lmi"]
[SourceDate "2007.03.10"]

1. d4 g6 2. c4 Bg7 3. Nc3 d6 4. e4 c6 5. Be3 Nf6 6. f3 a6 7. c5 O-O 8. Nge2
Nbd7 9. Qd2 dxc5 10. dxc5 Qa5 11. a3 Ne5 12. Nd4 Rd8 13. b4 Qc7 14. Be2 Nxf3+
15. gxf3 e5 16. Na4 Nh5 17. Nb6 Rb8 18. O-O-O exd4 19. Bg5 Rf8 20. Bh6 Bxh6 21.
Qxh6 Be6 22. Bc4 Rbd8 23. Qg5 Qf4+ 24. Qxf4 Nxf4 25. Rd2 d3 26. Kb2 Rd4 27. Kc3
Rfd8 28. Bxe6 fxe6 29. Nc4 Ne2+ 30. Kb3 Rf8 31. Ne5 Kg7 32. Rhd1 Kh6 33. Kb2
Kh5 34. Rxd3 Rfd8 35. Rxd4 Rxd4 36. Rxd4 Nxd4 37. Kc3 Nb5+ 38. Kd3 Nxa3 39. Nf7
Nb5 40. Nd8 e5 41. Nf7 Kh4 42. Nxe5 Kh3 43. f4 Nc7 44. Ke3 Kxh2 45. Kf3 Kh3 46.
Nf7 Kh4 47. e5 Ne6 48. Nd6 Kh3 49. Nxb7 h5 50. Na5 Nd4+ 51. Ke4 Nf5 52. Nxc6
Kg2 53. Nd4 Ng3+ 54. Kd3 h4 55. c6 1-0

[Event "71. Campeonato de Bulgaria"]
[Site "Pernik BUL"]
[Date "2007.03.18"]
[Round "11.1"]
[White "Serafimov, Tervel"]
[Black "Drenchev, Petar"]
[Result "0-1"]
[WhiteElo "2396"]
[BlackElo "2430"]
[PlyCount "94"]
[EventDate "2007.03.10"]
[EventType "tourn"]
[EventRounds "13"]
[EventCountry "BUL"]
[EventCategory "6"]
[Source "lmi"]
[SourceDate "2007.03.10"]

1. g3 d5 2. Bg2 g6 3. f4 Bg7 4. Nf3 Nh6 5. O-O Nf5 6. c3 c5 7. d3 d4 8. e4 dxe3
9. Qe2 O-O 10. Na3 Qc7 11. Bxe3 Nxe3 12. Qxe3 Re8 13. Ne5 Nd7 14. d4 Nxe5 15.
fxe5 Bd7 16. Qf3 Rf8 17. Qxb7 Qxb7 18. Bxb7 Rab8 19. Bd5 cxd4 20. cxd4 Rxb2 21.
Bb3 Bh3 22. Rf2 Rxf2 23. Kxf2 Rc8 24. Re1 Kf8 25. d5 Rc5 26. Kf3 Bf5 27. g4
Rc3+ 28. Kf4 Bd7 29. Re2 g5+ 30. Ke4 Bxg4 31. Rc2 Rf3 32. d6 Rf4+ 33. Kd5 Bf3+
34. Kc5 exd6+ 35. exd6 Ke8 36. Nc4 Kd8 37. Rc1 g4 38. Na5 Bb2 39. Rc2 Ba3+ 40.
Kb5 Bxd6 41. Nc6+ Kd7 42. Nxa7 h5 43. Rd2 Kc7 44. Ka6 Bb7+ 45. Kb5 Rf5+ 46. Ka4
Bc5 47. Nb5+ Kb6 0-1

[Event "71. Campeonato de Bulgaria"]
[Site "Pernik BUL"]
[Date "2007.03.18"]
[Round "11.2"]
[White "Chatalbashev, Boris"]
[Black "Rusev, Krasimir"]
[Result "1-0"]
[WhiteElo "2541"]
[BlackElo "2453"]
[PlyCount "103"]
[EventDate "2007.03.10"]
[EventType "tourn"]
[EventRounds "13"]
[EventCountry "BUL"]
[EventCategory "6"]
[Source "lmi"]
[SourceDate "2007.03.10"]

1. d4 Nf6 2. c4 e6 3. Nc3 Bb4 4. Nf3 c5 5. g3 cxd4 6. Nxd4 O-O 7. Bg2 d5 8.
cxd5 Nxd5 9. Qb3 Qb6 10. Bxd5 exd5 11. Be3 Bh3 12. Rc1 Nd7 13. a3 Bxc3+ 14.
Rxc3 Qg6 15. Qc2 Qf6 16. g4 Ne5 17. f3 h5 18. Qf5 Qxf5 19. gxf5 f6 20. Rg1 Nc6
21. Nxc6 bxc6 22. Rxc6 Bxf5 23. Rd6 Kf7 24. Rxd5 g6 25. Kf2 Rfc8 26. Ra5 a6 27.
Rd1 Rc6 28. b4 Re8 29. Rc5 Rce6 30. Rc7+ Kg8 31. Rc3 g5 32. Rd5 Bg6 33. Rdc5
R8e7 34. Rc6 Be8 35. Rxe6 Rxe6 36. Bd4 Kf7 37. Rc7+ Kg6 38. Bc5 Bb5 39. e3 g4
40. fxg4 hxg4 41. Kg3 Re4 42. Bd4 f5 43. Rg7+ Kh5 44. Rf7 Kg5 45. Rg7+ Kh6 46.
Ra7 f4+ 47. Kf2 fxe3+ 48. Bxe3+ Kh5 49. a4 Bxa4 50. Rxa6 g3+ 51. hxg3 Be8 52.
Kf3 1-0

[Event "71. Campeonato de Bulgaria"]
[Site "Pernik BUL"]
[Date "2007.03.18"]
[Round "11.4"]
[White "Dimitrov, Vladimir"]
[Black "Tsvetkov, Ilia"]
[Result "1/2-1/2"]
[WhiteElo "2462"]
[BlackElo "2324"]
[PlyCount "28"]
[EventDate "2007.03.10"]
[EventType "tourn"]
[EventRounds "13"]
[EventCountry "BUL"]
[EventCategory "6"]
[Source "lmi"]
[SourceDate "2007.03.10"]

1. d4 d5 2. Nf3 Nf6 3. c4 e6 4. Nc3 Be7 5. Bg5 O-O 6. e3 h6 7. Bh4 b6 8. Qc2
Bb7 9. Bxf6 Bxf6 10. cxd5 exd5 11. h4 c5 12. O-O-O cxd4 13. exd4 Qd6 14. Qd2
Bc8 1/2-1/2

[Event "71. Campeonato de Bulgaria"]
[Site "Pernik BUL"]
[Date "2007.03.18"]
[Round "11.5"]
[White "Bojchev, Marian"]
[Black "Nikolov, Momchil"]
[Result "0-1"]
[WhiteElo "2366"]
[BlackElo "2425"]
[PlyCount "116"]
[EventDate "2007.03.10"]
[EventType "tourn"]
[EventRounds "13"]
[EventCountry "BUL"]
[EventCategory "6"]
[Source "lmi"]
[SourceDate "2007.03.10"]

1. e4 c5 2. Nf3 e6 3. d4 cxd4 4. Nxd4 a6 5. c4 Nf6 6. Nc3 Bb4 7. Qc2 Qc7 8. a3
Bc5 9. Nb3 Be7 10. Be2 O-O 11. O-O b6 12. Be3 Bb7 13. Rfc1 b5 14. cxb5 axb5 15.
Bxb5 Ng4 16. g3 Nxe3 17. fxe3 Qe5 18. Qd3 h5 19. Nd4 h4 20. gxh4 Qh5 21. Rc2
Na6 22. Qd1 Qh6 23. Qf3 Nc5 24. Qf4 Qxh4 25. Nd5 Nxe4 26. Nxe7+ Qxe7 27. Rc7
Bd5 28. Rxd7 Qc5 29. Rf1 Ra7 30. Rxa7 Qxa7 31. Nxe6 Qb6 32. Nxf8 Qxb5 33. Ng6
fxg6 34. Qf8+ Kh7 35. Rf4 Nf6 36. Rh4+ Nh5 37. Qf2 Bb7 38. Rd4 Qc6 39. e4 Qc1+
40. Kg2 Qg5+ 41. Kf3 Qf4+ 42. Ke2 Qc1 43. Kf3 Ba6 44. Rd2 Qc4 45. Ke3 Qb3+ 46.
Kd4 Qb6+ 47. Ke5 Qb8+ 48. Kd4 Qa7+ 49. Kc3 Qc7+ 50. Kd4 Qd6+ 51. Kc3 Qc6+ 52.
Kd4 Nf6 53. Qg2 Qb6+ 54. Ke5 Bc8 55. Kf4 Qb3 56. Ke5 Ng4+ 57. Kd4 Qb6+ 58. Kd3
Ba6+ 0-1

[Event "71. Campeonato de Bulgaria"]
[Site "Pernik BUL"]
[Date "2007.03.18"]
[Round "11.6"]
[White "Milchev, Nikolay"]
[Black "Genov, Petar"]
[Result "1/2-1/2"]
[WhiteElo "2348"]
[BlackElo "2489"]
[PlyCount "35"]
[EventDate "2007.03.10"]
[EventType "tourn"]
[EventRounds "13"]
[EventCountry "BUL"]
[EventCategory "6"]
[Source "lmi"]
[SourceDate "2007.03.10"]

1. d4 Nf6 2. Nf3 e6 3. g3 d5 4. Bg2 Nbd7 5. O-O Be7 6. b3 O-O 7. Bb2 c6 8. Nbd2
b5 9. c4 bxc4 10. bxc4 Rb8 11. Qc2 Ba6 12. Rfb1 Qa5 13. Bc3 Bb4 14. Rxb4 Rxb4
15. Ne1 Qa4 16. Bxb4 Qxb4 17. Nd3 Qa3 18. Rb1 1/2-1/2

[Event "71. Campeonato de Bulgaria"]
[Site "Pernik BUL"]
[Date "2007.03.18"]
[Round "11.7"]
[White "Yordanov, Nikolay"]
[Black "Nikolov, Sasho"]
[Result "1-0"]
[WhiteElo "2237"]
[BlackElo "2380"]
[PlyCount "71"]
[EventDate "2007.03.10"]
[EventType "tourn"]
[EventRounds "13"]
[EventCountry "BUL"]
[EventCategory "6"]
[Source "lmi"]
[SourceDate "2007.03.10"]

1. e4 d6 2. d4 Nf6 3. Nc3 g6 4. Be3 c6 5. h3 Nbd7 6. Nf3 Qc7 7. Bd3 b5 8. Qd2
Bb7 9. O-O a6 10. e5 dxe5 11. dxe5 Nxe5 12. Nxe5 Qxe5 13. Bf4 Qd4 14. Rfe1
O-O-O 15. Rad1 Nd7 16. Be3 Qd6 17. Ne4 Qd5 18. b3 Bg7 19. c4 Qh5 20. Ng3 Qh4
21. cxb5 axb5 22. Bxb5 Ne5 23. Qc2 Rxd1 24. Rxd1 Rd8 25. Rc1 Rd5 26. a4 Kd7 27.
Bc4 Nxc4 28. bxc4 Rd4 29. Bxd4 Bxd4 30. Qb3 Bc8 31. Qf3 f5 32. Ne2 Be5 33. Rd1+
Kc7 34. Qe3 Qe4 35. Qa7+ Bb7 36. Qa5+ 1-0